Vzdelávanie národnostných menšín
Príprava odborníkov maďarskej, rómskej a nemeckej menšiny na Univerzite Konštantína Filozofa (UKF) v Nitre. Súčasná a budúca koncepcia prípravy pedagógov a odborníkov minorít. Návrh dlhodobého zámeru rozvoja fakulty - 1. vo vzdelávacej oblasti, 2. vo vedeckovýskumnej oblasti.
Salvato in:
| Autore principale: | |
|---|---|
| Natura: | Capitolo di libro |
| Lingua: | slovacco |
| Soggetti: | |
| Tags: |
Nessun Tag, puoi essere il primo ad aggiungerne!!
|
MARC
| LEADER | 00000naa a2200000 4500 | ||
|---|---|---|---|
| 001 | r048891 | ||
| 005 | 20230927091630.4 | ||
| 041 | 0 | |a slo | |
| 044 | |a SK | ||
| 245 | 1 | 0 | |a Vzdelávanie národnostných menšín |c Daniel Kluvanec |
| 520 | |a Príprava odborníkov maďarskej, rómskej a nemeckej menšiny na Univerzite Konštantína Filozofa (UKF) v Nitre. Súčasná a budúca koncepcia prípravy pedagógov a odborníkov minorít. Návrh dlhodobého zámeru rozvoja fakulty - 1. vo vzdelávacej oblasti, 2. vo vedeckovýskumnej oblasti. | ||
| 610 | 2 | 0 | |a vzdelávanie |
| 610 | 2 | 0 | |a menšiny národnostné |
| 610 | 2 | 0 | |a veda |
| 610 | 2 | 0 | |a výskum |
| 610 | 2 | 0 | |a Univerzita Konštantína Filozofa Nitra |
| 100 | 1 | |a Kluvanec, Daniel | |